000
00329nam a22001457a 4500
008
210427b ||||| |||| 00| 0 eng d
020
_a
9780132147736
041
_a
eng
080
_2
9th
_a
338
082
_a
338
100
_a
53
101
_a
MEN
245
_a
Guide to Managerial Communication
_c
Mary Munter
942
_2
udc
_c
BK
999
_c
56818
_d
56818